00462nam a2200133 a 4500008004100000050002200041110004700063245004900110260005400159300001200213350000900225650003000234710006400264100805s2007 ||||||||||||||||| || u aGOV.ZAM(02)2007/5 aGovernment of the Republic of Zambia (GRZ)10aOperational guidelines for community schools aLusakabZambia. Ministry of Education (MOE)c2007 av, 22p. a0.00 aCOMMUNITY SCHOOLS--ZAMBIA aGovernment of the Republic of Zambia. Ministry of Education